|
|
|
|
| LEADER |
00000nab a2200000 a 4500 |
| 001 |
vtls001023126 |
| 003 |
SK-MaSNL |
| 005 |
20260305033654.0 |
| 008 |
240612e19950000xo 0 sla |
| 035 |
|
|
|a SL1709
|
| 040 |
|
|
|a SLLK
|b slo
|c SLLK
|e AACR2
|
| 041 |
0 |
|
|a sla
|a rue
|
| 044 |
|
|
|a xo
|c SK
|
| 080 |
|
|
|a 887.5(437.6)-3=875
|2 1981
|
| 100 |
1 |
|
|a Kseňák, Mikuláš,
|d 1933-2020
|4 aut
|9 203679
|
| 245 |
1 |
0 |
|a Varjanka na Ljubovnjans'kym zamku
|c Mykola Ksenjak
|
| 650 |
0 |
7 |
|a humoristické poviedky
|2 SLLK
|9 74226
|
| 650 |
0 |
7 |
|a spoločenské poviedky
|2 SLLK
|9 30980
|
| 650 |
0 |
7 |
|a literatúra rusínska-texty
|2 SLLK
|9 1614478
|
| 651 |
|
7 |
|a Kamienka (Stará Ľubovňa, Slovensko)
|2 SLLK
|9 163381
|
| 651 |
|
7 |
|a Stará Ľubovňa (Slovensko : okres)
|2 snkbucl
|9 19196
|
| 773 |
0 |
8 |
|t Narodny novynky
|g Roč. 4, č.2 (1995), s. 4
|
| 852 |
|
|
|a ZVYKNI
|b KIS3GCP
|
| 999 |
|
|
|c 3325249
|d 3327179
|